[Event "Stay Safe Play From Home 283"]
[Site "Emanuel Lasker Arena"]
[Date "2020.07.07"]
[Round "3"]
[White "Haxhi Baha"]
[Black "Robk"]
[Result "1-0"]
[WhiteElo "2014"]
[BlackElo "1551"]
[PlyCount "51"]
[EventDate "2020.07.07"]
[EventType "swiss (blitz)"]

1. e4 {[%emt 0:00:01]} c5 {[%emt 0:00:02]} 2. Nf3 {[%emt 0:00:01]} e6 {[%emt 0:00:00]} 3. d4 {[%emt 0:00:00]} cxd4 {[%emt 0:00:01]} 4. Nxd4 {[%emt 0:00:00]} Nf6 {[%emt 0:00:01]} 5. Nc3 {[%emt 0:00:00]} Nc6 {[%emt 0:00:01]} 6. Nb3 {[%emt 0:00:01]} Bb4 {[%emt 0:00:01]} 7. f4 {[%emt 0:00:00]} d6 {[%emt 0:00:03]} 8. Bd3 {[%emt 0:00:01]} O-O {[%emt 0:00:01]} 9. Qf3 {[%emt 0:00:01]} Bd7 {[%emt 0:00:02]} 10. Be3 {[%emt 0:00:01]} a6 {[%emt 0:00:02]} 11. g4 {[%emt 0:00:01]} b5 {[%emt 0:00:02]} 12. g5 {[%emt 0:00:01]} Ne8 {[%emt 0:00:04]} 13. h4 {[%emt 0:00:00]} Bxc3+ {[%emt 0:00:10]} 14. bxc3 {[%emt 0:00:00]} b4 {[%emt 0:00:02]} 15. c4 {[%emt 0:00:01]} a5 {[%emt 0:00:02]} 16. h5 {[%emt 0:00:01]} a4 {[%emt 0:00:01]} 17. Nd4 {[%emt 0:00:00]} Nxd4 {[%emt 0:00:02]} 18. Bxd4 {[%emt 0:00:00]} e5 {[%emt 0:00:01]} 19. Be3 {[%emt 0:00:03]} Bc6 {[%emt 0:00:04]} 20. f5 {[%emt 0:00:02]} b3 {[%emt 0:00:04]} 21. axb3 {[%emt 0:00:01]} axb3 {[%emt 0:00:01]} 22. Rd1 {[%emt 0:00:02]} b2 {[%emt 0:00:02]} 23. Rb1 {[%emt 0:00:02]} Ra1 {[%emt 0:00:02]} 24. Ke2 {[%emt 0:00:01]} Qa5 {[%emt 0:00:04]} 25. Rxb2 {[%emt 0:00:04]} Rxh1 {[%emt 0:00:03]} 26. Qxh1 {[%emt 0:00:00] Time (Lag: Av=0.76s, max=0.9s)} 1-0

[Event "Stay Safe Play From Home 283"]
[Site "Emanuel Lasker Arena"]
[Date "2020.07.07"]
[Round "3"]
[White "Fischer_11"]
[Black "Bardellosport"]
[Result "1-0"]
[WhiteElo "2010"]
[BlackElo "2024"]
[Annotator "NA"]
[PlyCount "135"]
[EventDate "2020.07.07"]
[EventType "swiss (blitz)"]

1. e4 {[%emt 0:00:07]} e6 {[%emt 0:00:01]} 2. d4 {[%emt 0:00:01]} d5 {[%emt 0:00:00]} 3. Nd2 {[%emt 0:00:00]} c6 {[%emt 0:00:01]} 4. c3 {[%emt 0:00:01]} f5 {[%emt 0:00:01]} 5. Ngf3 {[%emt 0:00:00]} fxe4 {[%emt 0:00:02]} 6. Ne5 {[%emt 0:00:00]} Nf6 {[%emt 0:00:01]} 7. f3 {[%emt 0:00:01]} exf3 {[%emt 0:00:01]} 8. Qxf3 {[%emt 0:00:02]} Bd6 {[%emt 0:00:00]} 9. Bd3 {[%emt 0:00:01]} Qe7 {[%emt 0:00:01]} 10. O-O {[%emt 0:00:01]} Nbd7 {[%emt 0:00:01]} 11. Nxd7 {[%emt 0:00:02]} Bxd7 {[%emt 0:00:01]} 12. Qf2 {[%emt 0:00:03]} O-O-O {[%emt 0:00:01]} 13. Nf3 {[%emt 0:00:00]} Rde8 {[%emt 0:00:01]} 14. Bg5 {[%emt 0:00:01]} Rhf8 {[%emt 0:00:01]} 15. a4 {[%emt 0:00:02]} a6 {[%emt 0:00:01]} 16. b4 {[%emt 0:00:01]} h6 {[%emt 0:00:01]} 17. Bh4 {[%emt 0:00:01]} g5 {[%emt 0:00:01]} 18. Bg3 {[%emt 0:00:02]} Ne4 {[%emt 0:00:01]} 19. Bxd6 {[%emt 0:00:05]} Qxd6 {[%emt 0:00:03]} 20. Qe3 {[%emt 0:00:02]} Nxc3 {[%emt 0:00:02]} 21. b5 {[%emt 0:00:02]} axb5 {[%emt 0:00:01]} 22. axb5 {[%emt 0:00:00]} Nxb5 {[%emt 0:00:01]} 23. Bxb5 {[%emt 0:00:01]} cxb5 {[%emt 0:00:00]} 24. Rfc1+ {[%emt 0:00:05]} Bc6 {[%emt 0:00:01]} 25. Ne5 {[%emt 0:00:00]} Re7 {[%emt 0:00:05]} 26. Qc3 {[%emt 0:00:01]} Rc7 {[%emt 0:00:01]} 27. Qa5 {[%emt 0:00:01]} Kd8 {[%emt 0:00:01]} 28. Qa8+ {[%emt 0:00:02]} Ke7 {[%emt 0:00:00]} 29. Ng6+ {[%emt 0:00:03]} Kf6 {[%emt 0:00:02]} 30. Qxf8+ {[%emt 0:00:01]} Qxf8 {[%emt 0:00:01]} 31. Nxf8 {[%emt 0:00:00]} Kf7 {[%emt 0:00:01]} 32. Nh7 {[%emt 0:00:01]} Kg6 {[%emt 0:00:01]} 33. Nf8+ {[%emt 0:00:02]} Kf7 {[%emt 0:00:01]} 34. Nxe6 {[%emt 0:00:00]} Kg6 {[%emt 0:00:00]} 35. Nxc7 {[%emt 0:00:01]} Bd7 {[%emt 0:00:01]} 36. Nxd5 {[%emt 0:00:00]} Bc6 {[%emt 0:00:01]} 37. Rc5 {[%emt 0:00:00]} Bd7 {[%emt 0:00:01]} 38. Rxb5 {[%emt 0:00:00]} Kh5 {[%emt 0:00:00]} 39. Rb6 {[%emt 0:00:01]} g4 {[%emt 0:00:00]} 40. Rxb7 {[%emt 0:00:00]} Kg5 {[%emt 0:00:01]} 41. Rxd7 {[%emt 0:00:01]} h5 {[%emt 0:00:01]} 42. Rd6 {[%emt 0:00:00]} h4 {[%emt 0:00:00]} 43. g3 {[%emt 0:00:00]} h3 {[%emt 0:00:01]} 44. Kf1 {[%emt 0:00:01]} Kf5 {[%emt 0:00:00]} 45. Kf2 {[%emt 0:00:00]} Ke4 {[%emt 0:00:00]} 46. Rc6 {[%emt 0:00:00]} Kf5 {[%emt 0:00:00]} 47. Ra4 {[%emt 0:00:00]} Ke4 {[%emt 0:00:00]} 48. Nc3+ {[%emt 0:00:01]} Kf5 {[%emt 0:00:01]} 49. d5 {[%emt 0:00:00]} Ke5 {[%emt 0:00:01]} 50. d6 {[%emt 0:00:00]} Ke6 {[%emt 0:00:00]} 51. Re4+ {[%emt 0:00:00]} Kd7 {[%emt 0:00:00]} 52. Rf4 {[%emt 0:00:00]} Kxc6 {[%emt 0:00:00]} 53. Rxg4 {[%emt 0:00:00]} Kxd6 {[%emt 0:00:01]} 54. Rh4 {[%emt 0:00:01]} Kc5 {[%emt 0:00:00]} 55. Rxh3 {[%emt 0:00:00]} Kd4 {[%emt 0:00:01]} 56. Rh4+ {[%emt 0:00:00]} Kxc3 {[%emt 0:00:00]} 57. Rf4 {[%emt 0:00:00]} Kc2 {[%emt 0:00:00]} 58. Rf3 {[%emt 0:00:00]} Kc1 {[%emt 0:00:00]} 59. g4 {[%emt 0:00:00]} Kc2 {[%emt 0:00:00]} 60. g5 {[%emt 0:00:00]} Kc1 {[%emt 0:00:00]} 61. g6 {[%emt 0:00:00]} Kc2 {[%emt 0:00:00]} 62. g7 {[%emt 0:00:00]} Kc1 {[%emt 0:00:00]} 63. g8=Q {[%emt 0:00:00]} Kb2 {[%emt 0:00:00]} 64. Qe8 {[%emt 0:00:00]} Ka1 {[%emt 0:00:00]} 65. Rf7 {[%emt 0:00:00]} Kb2 {[%emt 0:00:00]} 66. Rc7 {[%emt 0:00:00]} Ka1 {[%emt 0:00:00]} 67. Qb8 {[%emt 0:00:00]} Ka2 {[%emt 0:00:01]} 68. Ra7# {[%emt 0:00:00] (Lag: Av=0.33s, max=0.5s)} 1-0

[Event "Stay Safe Play From Home 283"]
[Site "Emanuel Lasker Arena"]
[Date "2020.07.07"]
[Round "3"]
[White "Haris kollari 13"]
[Black "Toosieslide"]
[Result "0-1"]
[WhiteElo "1762"]
[BlackElo "2199"]
[Annotator "NA"]
[PlyCount "90"]
[EventDate "2020.07.07"]
[EventType "swiss (blitz)"]

1. e4 {[%emt 0:00:01]} c6 {[%emt 0:00:01]} 2. f4 {[%emt 0:00:01]} d5 {[%emt 0:00:00]} 3. e5 {[%emt 0:00:00]} Bf5 {[%emt 0:00:01]} 4. Nf3 {[%emt 0:00:00]} h5 {[%emt 0:00:01]} 5. d4 {[%emt 0:00:01]} e6 {[%emt 0:00:00]} 6. Bd3 {[%emt 0:00:01]} Be7 {[%emt 0:00:00]} 7. Bxf5 {[%emt 0:00:02]} exf5 {[%emt 0:00:00]} 8. O-O {[%emt 0:00:01]} Nd7 {[%emt 0:00:01]} 9. c3 {[%emt 0:00:01]} Nf8 {[%emt 0:00:00]} 10. Be3 {[%emt 0:00:01]} Ne6 {[%emt 0:00:00]} 11. c4 {[%emt 0:00:02]} Nh6 {[%emt 0:00:01]} 12. h3 {[%emt 0:00:02]} Bb4 {[%emt 0:00:04]} 13. Qd3 {[%emt 0:00:01]} g6 {[%emt 0:00:02]} 14. c5 {[%emt 0:00:01]} Ng4 {[%emt 0:00:02]} 15. hxg4 {[%emt 0:00:05]} hxg4 {[%emt 0:00:00]} 16. Ng5 {[%emt 0:00:01]} Nxg5 {[%emt 0:00:03]} 17. fxg5 {[%emt 0:00:02]} Qe7 {[%emt 0:00:01]} 18. g3 {[%emt 0:00:02]} Rh3 {[%emt 0:00:01]} 19. Kg2 {[%emt 0:00:01]} O-O-O {[%emt 0:00:00]} 20. Nc3 {[%emt 0:00:01]} Rdh8 {[%emt 0:00:02]} 21. Rh1 {[%emt 0:00:01]} Qe8 {[%emt 0:00:01]} 22. Rxh3 {[%emt 0:00:02]} Rxh3 {[%emt 0:00:01]} 23. Ne2 {[%emt 0:00:06]} Qh8 {[%emt 0:00:01]} 24. Bg1 {[%emt 0:00:01]} Rh1 {[%emt 0:00:02]} 25. Rf1 {[%emt 0:00:03]} Qh3+ {[%emt 0:00:02]} 26. Kf2 {[%emt 0:00:00]} Qh5 {[%emt 0:00:05]} 27. Qe3 {[%emt 0:00:02]} Ba5 {[%emt 0:00:02]} 28. Qf4 {[%emt 0:00:01]} Bd8 {[%emt 0:00:01]} 29. a4 {[%emt 0:00:01]} Bxg5 {[%emt 0:00:01]} 30. Kg2 {[%emt 0:00:02]} Bxf4 {[%emt 0:00:02]} 31. Nxf4 {[%emt 0:00:00]} Qh7 {[%emt 0:00:01]} 32. e6 {[%emt 0:00:01]} g5 {[%emt 0:00:02]} 33. exf7 {[%emt 0:00:01]} Qxf7 {[%emt 0:00:01]} 34. Kxh1 {[%emt 0:00:02]} gxf4 {[%emt 0:00:01]} 35. gxf4 {[%emt 0:00:01]} Qh5+ {[%emt 0:00:01]} 36. Kg2 {[%emt 0:00:01]} Qh3+ {[%emt 0:00:00]} 37. Kf2 {[%emt 0:00:00]} Qf3+ {[%emt 0:00:00]} 38. Ke1 {[%emt 0:00:00]} Qe4+ {[%emt 0:00:00]} 39. Kf2 {[%emt 0:00:01]} Qxd4+ {[%emt 0:00:01]} 40. Kg2 {[%emt 0:00:01]} Qxb2+ {[%emt 0:00:00]} 41. Rf2 {[%emt 0:00:01]} Qb4 {[%emt 0:00:00]} 42. Kg3 {[%emt 0:00:01]} Qe4 {[%emt 0:00:01]} 43. Rh2 {[%emt 0:00:02]} Qd3+ {[%emt 0:00:00]} 44. Kh4 {[%emt 0:00:01]} g3 {[%emt 0:00:01]} 45. Rg2 {[%emt 0:00:01]} Qf3 {[%emt 0:00:01]} 0-1

[Event "Stay Safe Play From Home 283"]
[Site "Emanuel Lasker Arena"]
[Date "2020.07.07"]
[Round "3"]
[White "Klasman"]
[Black "Trotsky"]
[Result "0-1"]
[WhiteElo "1419"]
[BlackElo "1624"]
[Annotator "NA"]
[PlyCount "52"]
[EventDate "2020.07.07"]
[EventType "swiss (blitz)"]

1. f4 {[%emt 0:00:02]} d5 {[%emt 0:00:01]} 2. Nf3 {[%emt 0:00:02]} e6 {[%emt 0:00:00]} 3. e3 {[%emt 0:00:01]} c5 {[%emt 0:00:01]} 4. c4 {[%emt 0:00:01]} Nc6 {[%emt 0:00:01]} 5. d4 {[%emt 0:00:01]} Nf6 {[%emt 0:00:01]} 6. Nc3 {[%emt 0:00:01]} a6 {[%emt 0:00:01]} 7. cxd5 {[%emt 0:00:01]} exd5 {[%emt 0:00:01]} 8. Bd3 {[%emt 0:00:04]} c4 {[%emt 0:00:01]} 9. Bc2 {[%emt 0:00:02]} Be6 {[%emt 0:00:01]} 10. O-O {[%emt 0:00:02]} Bd6 {[%emt 0:00:01]} 11. Ne5 {[%emt 0:00:02]} Qc7 {[%emt 0:00:01]} 12. Bd2 {[%emt 0:00:02]} Nxe5 {[%emt 0:00:01]} 13. fxe5 {[%emt 0:00:02]} Bxe5 {[%emt 0:00:00]} 14. dxe5 {[%emt 0:00:01]} Qxe5 {[%emt 0:00:01]} 15. Qf3 {[%emt 0:00:02]} Ng4 {[%emt 0:00:03]} 16. g3 {[%emt 0:00:04]} h5 {[%emt 0:00:03]} 17. h3 {[%emt 0:00:03]} O-O-O {[%emt 0:00:05]} 18. hxg4 {[%emt 0:00:02]} hxg4 {[%emt 0:00:01]} 19. Qf4 {[%emt 0:00:03]} Qh5 {[%emt 0:00:01]} 20. Kf2 {[%emt 0:00:05]} Qh2+ {[%emt 0:00:04]} 21. Ke1 {[%emt 0:00:01]} d4 {[%emt 0:00:05]} 22. Ne4 {[%emt 0:00:02]} Bd5 {[%emt 0:00:03]} 23. Nf2 {[%emt 0:00:06]} dxe3 {[%emt 0:00:01]} 24. Bxe3 {[%emt 0:00:02]} Rde8 {[%emt 0:00:02]} 25. Bf5+ {[%emt 0:00:02]} Be6 {[%emt 0:00:04]} 26. Qxc4+ {[%emt 0:00:04]} Kb8 {[%emt 0:00:02] Time (Lag: Av=0.26s, max=0.3s) .} 0-1

[Event "Stay Safe Play From Home 283"]
[Site "Emanuel Lasker Arena"]
[Date "2020.07.07"]
[Round "4"]
[White "Broken sword"]
[Black "Trotsky"]
[Result "1-0"]
[WhiteElo "2447"]
[BlackElo "1632"]
[Annotator "RC"]
[PlyCount "45"]
[EventDate "2020.07.07"]
[EventType "swiss (blitz)"]

1. e4 {[%emt 0:00:01]} c5 {[%emt 0:00:01]} 2. Nf3 {[%emt 0:00:01]} e6 {[%emt 0:00:00]} 3. d4 {[%emt 0:00:00]} d5 {[%emt 0:00:01]} 4. exd5 {[%emt 0:00:01]} exd5 {[%emt 0:00:01]} 5. Bb5+ {[%emt 0:00:00]} Nc6 {[%emt 0:00:01]} 6. O-O {[%emt 0:00:01]} Be6 {[%emt 0:00:01]} 7. Re1 {[%emt 0:00:01]} Qc7 {[%emt 0:00:01]} 8. Bg5 {[%emt 0:00:01]} Be7 {[%emt 0:00:02]} 9. Nc3 {[%emt 0:00:02]} O-O-O {[%emt 0:00:03]} 10. dxc5 {[%emt 0:00:03]} Bxg5 {[%emt 0:00:02]} 11. Nxg5 {[%emt 0:00:01]} Bd7 {[%emt 0:00:02]} 12. Nxf7 {[%emt 0:00:01]} Nf6 {[%emt 0:00:04]} 13. Nxh8 {[%emt 0:00:01]} Ng4 {[%emt 0:00:01]} 14. g3 {[%emt 0:00:02]} Rxh8 {[%emt 0:00:02]} 15. Nxd5 {[%emt 0:00:01]} Qd8 {[%emt 0:00:10]} 16. Bxc6 {[%emt 0:00:01]} bxc6 {[%emt 0:00:01]} 17. Ne7+ {[%emt 0:00:04]} Kb7 {[%emt 0:00:02]} 18. c4 {[%emt 0:00:01]} h5 {[%emt 0:00:02]} 19. Qb3+ {[%emt 0:00:01]} Ka8 {[%emt 0:00:01]} 20. Rad1 {[%emt 0:00:01]} Qc7 {[%emt 0:00:01]} 21. Qf3 {[%emt 0:00:05]} h4 {[%emt 0:00:02]} 22. Rxd7 {[%emt 0:00:01]} Qb7 {[%emt 0:00:07]} 23. Rxb7 {[%emt 0:00:01] Trotsky Ñäàåòñÿ (Lag: Av=0.19s, max=0.7s)} 1-0

[Event "Stay Safe Play From Home 283"]
[Site "Emanuel Lasker Arena"]
[Date "2020.07.07"]
[Round "4"]
[White "Mepe_Nika"]
[Black "Jhhonnyy"]
[Result "1/2-1/2"]
[WhiteElo "2387"]
[BlackElo "2314"]
[Annotator "TA"]
[PlyCount "127"]
[EventDate "2020.07.07"]
[EventType "swiss (blitz)"]

{[%evp 18,127,37,35,32,12,39,2,14,10,36,8,56,27,52,7,8,0,33,-21,-5,-29,-22,-56,-25,-77,-75,-74,-64,-160,-55,-63,-25,-19,0,0,0,-154,18,17,15,12,26,15,10,8,50,43,41,14,79,75,88,-6,0,0,87,87,67,23,35,39,27,48,49,0,0,-6,8,8,8,8,8,8,8,8,8,0,11,0,8,0,0,0,8,8,8,8,116,8,8,8,8,0,8,8,6829,8,879,18,25,8,77,8,8,8,8,-8,8,-8,8,8]} 1. d4 Nf6 2. Bf4 d6 3. e3 g6 4. h3 Bg7 5. Nf3 c5 6. c3 cxd4 7. cxd4 O-O 8. Nc3 Nc6 9. Be2 Bd7 10. O-O Rc8 {[#] A48: 1 d4 Nf6 2 Nf3 g6: Torre, London and Colle Systems.} 11. Bh2 $146 ({Predecessor:} 11. Rc1 a6 12. Qd2 b5 13. Bd3 Qb6 14. Rfd1 Na5 15. Qe2 Bc6 16. e4 b4 17. Nb1 {½-½ (63) Demirag,B (1975)-Acar,C (1772) Konya 2018}) 11... a6 12. Rc1 b5 13. a3 Re8 14. Nd2 Rb8 15. Bf3 Qb6 16. Nd5 Nxd5 17. Bxd5 a5 {[%cal Ba6a5,Ba5a4][%mdl 32]} 18. Bb3 (18. Qf3 $14 Nd8 19. b4) 18... a4 $11 19. Ba2 b4 20. Nc4 Qa7 21. axb4 (21. Qf3 $11 Nd8 22. axb4) 21... Nxb4 $17 22. Bb1 Nd5 23. e4 (23. Re1 $15) 23... Nb4 (23... Nc7 $17 24. d5 Bxb2 25. Nxb2 Rxb2) 24. e5 $15 Be6 25. exd6 exd6 26. Nxd6 Red8 27. Qe2 $2 (27. Ne4 $11) 27... Qb6 $2 (27... Qxd4 $17 28. Qf3 Be5 29. Bxe5 Qxe5) 28. Nc4 $11 Bxc4 29. Rxc4 Rbc8 30. Rxc8 Rxc8 31. Be5 $36 {[%mdl 2048] White fights for an advantage.} Rd8 32. Bxg7 Kxg7 33. Qe5+ Kg8 (33... Qf6 $11) 34. Rd1 $16 Nc6 35. Qe3 ({Better is} 35. Qf6 $16 Rb8 36. Ba2) 35... Rxd4 (35... Qxb2 {seems wilder.} 36. d5 a3 37. Qc5 Nb4 38. d6 Qe2) 36. Rxd4 Qxd4 (36... Nxd4 $11 {keeps the balance.} 37. Ba2 Kg7) 37. Qxd4 Nxd4 $11 {[%mdl 4096] Endgame KB-KN} 38. Kf1 Kf8 39. Ke1 Ke7 40. Kd2 Kd6 41. Kc3 Kc5 42. Bc2 f6 43. Bxa4 {Threatens to win with b4+.} Ne2+ 44. Kd2 Nf4 45. g3 Nxh3 46. Ke3 {Bb3 is the strong threat.} Ng5 47. Bc2 Ne6 48. Bd3 Nd4 49. f4 Nc6 50. f5 gxf5 51. Bxf5 Ne5 52. Bxh7 Kb4 (52... Nc4+ $11 {remains equal.} 53. Kf4 Nxb2) 53. Kf4 ({White should play} 53. Bg8 $1 $16) 53... Kb3 54. Kf5 Nd7 55. Ke6 Ne5 56. Kxf6 Nf3 $2 {[%mdl 8192]} (56... Ng4+ $11 57. Kf5 Nf2) 57. Kg7 $2 (57. g4 $18 Ng1 58. Be4 (58. g5 Nh3 $11)) 57... Ng5 $2 {[%mdl 8192] [#]} (57... Kxb2 $11 58. Kf6 Nh2) 58. Bg8+ $2 (58. Bf5 $1 $18 {And now Kf6 would win.} Nf3 59. Kf6) 58... Kxb2 59. g4 Ne4 {[#]} 60. Kg6 (60. Be6 $1 $16 {aiming for Kf7.} Kc3 61. Bf5) 60... Nf2 {The position is equal.} 61. Kg5 Nxg4 62. Kh4 Kc3 63. Kg3 Kd4 64. Kxg4 {Accuracy: White = 57%, Black = 62%.} 1/2-1/2

[Event "Stay Safe Play From Home 283"]
[Site "Emanuel Lasker Arena"]
[Date "2020.07.07"]
[Round "4"]
[White "Toosieslide"]
[Black "Fischer_11"]
[Result "1-0"]
[WhiteElo "2201"]
[BlackElo "2028"]
[Annotator "NA"]
[PlyCount "67"]
[EventDate "2020.07.07"]
[EventType "swiss (blitz)"]

1. d4 {[%emt 0:00:03]} e5 {[%emt 0:00:01]} 2. dxe5 {[%emt 0:00:01]} Nc6 {[%emt 0:00:00]} 3. Nf3 {[%emt 0:00:00]} Qe7 {[%emt 0:00:01]} 4. Nbd2 {[%emt 0:00:00]} Nxe5 {[%emt 0:00:01]} 5. Nxe5 {[%emt 0:00:00]} Qxe5 {[%emt 0:00:00]} 6. Nf3 {[%emt 0:00:00]} Qh5 {[%emt 0:00:01]} 7. Bf4 {[%emt 0:00:02]} Nf6 {[%emt 0:00:00]} 8. Bxc7 {[%emt 0:00:01]} d5 {[%emt 0:00:02]} 9. Be5 {[%emt 0:00:02]} Bg4 {[%emt 0:00:02]} 10. e3 {[%emt 0:00:03]} Bxf3 {[%emt 0:00:03]} 11. gxf3 {[%emt 0:00:00]} Qxe5 {[%emt 0:00:02]} 12. Be2 {[%emt 0:00:04]} Bd6 {[%emt 0:00:04]} 13. c3 {[%emt 0:00:01]} O-O {[%emt 0:00:01]} 14. Qd2 {[%emt 0:00:00]} g6 {[%emt 0:00:01]} 15. O-O-O {[%emt 0:00:00]} a5 {[%emt 0:00:03]} 16. h4 {[%emt 0:00:00]} a4 {[%emt 0:00:01]} 17. a3 {[%emt 0:00:00]} b5 {[%emt 0:00:03]} 18. f4 {[%emt 0:00:00]} Qe4 {[%emt 0:00:02]} 19. h5 {[%emt 0:00:02]} b4 {[%emt 0:00:02]} 20. Bd3 {[%emt 0:00:04]} Qf3 {[%emt 0:00:06]} 21. cxb4 {[%emt 0:00:02]} Rac8+ {[%emt 0:00:03]} 22. Kb1 {[%emt 0:00:01]} Rfd8 {[%emt 0:00:03]} 23. hxg6 {[%emt 0:00:01]} fxg6 {[%emt 0:00:01]} 24. Qe2 {[%emt 0:00:01]} Qxe2 {[%emt 0:00:01]} 25. Bxe2 {[%emt 0:00:00]} Bf8 {[%emt 0:00:03]} 26. f5 {[%emt 0:00:03]} Ne4 {[%emt 0:00:03]} 27. Rh2 {[%emt 0:00:03]} Bg7 {[%emt 0:00:02]} 28. Rdh1 {[%emt 0:00:01]} d4 {[%emt 0:00:02]} 29. Bf3 {[%emt 0:00:02]} Nd2+ {[%emt 0:00:02]} 30. Ka2 {[%emt 0:00:01]} Nxf3 {[%emt 0:00:00]} 31. Rxh7 {[%emt 0:00:03]} d3 {[%emt 0:00:00]} 32. Rxg7+ {[%emt 0:00:01]} Kxg7 {[%emt 0:00:01]} 33. f6+ {[%emt 0:00:00]} Kxf6 {[%emt 0:00:01]} 34. Rh3 {[%emt 0:00:00] (Lag: Av=0.43s, max=0.8s)} 1-0

[Event "Stay Safe Play From Home 283"]
[Site "Emanuel Lasker Arena"]
[Date "2020.07.07"]
[Round "4"]
[White "SoulofWolf"]
[Black "Bardellosport"]
[Result "1-0"]
[WhiteElo "2161"]
[BlackElo "2006"]
[PlyCount "85"]
[EventDate "2020.07.07"]
[EventType "swiss (blitz)"]

1. d4 {[%emt 0:00:00]} d6 {[%emt 0:00:01]} 2. Nf3 {[%emt 0:00:00]} f5 {[%emt 0:00:00]} 3. c3 {[%emt 0:00:01]} Nf6 {[%emt 0:00:00]} 4. g3 {[%emt 0:00:00]} g6 {[%emt 0:00:00]} 5. Bg2 {[%emt 0:00:00]} Bg7 {[%emt 0:00:00]} 6. O-O {[%emt 0:00:00]} O-O {[%emt 0:00:00]} 7. Re1 {[%emt 0:00:01]} Qe8 {[%emt 0:00:00]} 8. Bg5 {[%emt 0:00:01]} Qf7 {[%emt 0:00:01]} 9. Qc1 {[%emt 0:00:00]} c6 {[%emt 0:00:00]} 10. h3 {[%emt 0:00:01]} Na6 {[%emt 0:00:01]} 11. b4 {[%emt 0:00:01]} Nc7 {[%emt 0:00:01]} 12. a4 {[%emt 0:00:00]} a6 {[%emt 0:00:01]} 13. Nbd2 {[%emt 0:00:01]} Bd7 {[%emt 0:00:00]} 14. Nc4 {[%emt 0:00:00]} Rae8 {[%emt 0:00:01]} 15. Nb6 {[%emt 0:00:01]} Bc8 {[%emt 0:00:01]} 16. c4 {[%emt 0:00:02]} e5 {[%emt 0:00:01]} 17. e3 {[%emt 0:00:02]} e4 {[%emt 0:00:01]} 18. Nh2 {[%emt 0:00:01]} h6 {[%emt 0:00:00]} 19. Bxf6 {[%emt 0:00:00]} Bxf6 {[%emt 0:00:00]} 20. Rd1 {[%emt 0:00:01]} d5 {[%emt 0:00:01]} 21. Rb1 {[%emt 0:00:02]} dxc4 {[%emt 0:00:01]} 22. Nxc4 {[%emt 0:00:00]} Nd5 {[%emt 0:00:01]} 23. Nd6 {[%emt 0:00:02]} Qg7 {[%emt 0:00:01]} 24. Nxe8 {[%emt 0:00:01]} Rxe8 {[%emt 0:00:00]} 25. b5 {[%emt 0:00:01]} axb5 {[%emt 0:00:01]} 26. axb5 {[%emt 0:00:00]} Bd7 {[%emt 0:00:00]} 27. bxc6 {[%emt 0:00:01]} Bxc6 {[%emt 0:00:00]} 28. Bf1 {[%emt 0:00:01]} g5 {[%emt 0:00:01]} 29. Bb5 {[%emt 0:00:03]} Rc8 {[%emt 0:00:02]} 30. Bxc6 {[%emt 0:00:01]} Rxc6 {[%emt 0:00:01]} 31. Qb2 {[%emt 0:00:00]} f4 {[%emt 0:00:01]} 32. Qxb7 {[%emt 0:00:02]} Qxb7 {[%emt 0:00:01]} 33. Rxb7 {[%emt 0:00:01]} Nc3 {[%emt 0:00:01]} 34. Re1 {[%emt 0:00:02]} f3 {[%emt 0:00:01]} 35. Ng4 {[%emt 0:00:00]} Bd8 {[%emt 0:00:02]} 36. Rd7 {[%emt 0:00:02]} Rc8 {[%emt 0:00:01]} 37. Rc1 {[%emt 0:00:01]} Kf8 {[%emt 0:00:00]} 38. Kh2 {[%emt 0:00:01]} Ke8 {[%emt 0:00:01]} 39. Rh7 {[%emt 0:00:01]} Ne2 {[%emt 0:00:01]} 40. Rxc8 {[%emt 0:00:01]} Nc3 {[%emt 0:00:03]} 41. Ra8 {[%emt 0:00:01]} Nd5 {[%emt 0:00:01]} 42. Raa7 {[%emt 0:00:03]} Nf6 {[%emt 0:00:02]} 43. Nxf6+ {[%emt 0:00:01] Bardellosport abbandona (Lag: Av=0.39s, max=0.6s)} 1-0

[Event "Stay Safe Play From Home 283"]
[Site "Emanuel Lasker Arena"]
[Date "2020.07.07"]
[Round "4"]
[White "Weltszmerc"]
[Black "Lamborghini"]
[Result "1-0"]
[WhiteElo "2139"]
[BlackElo "2267"]
[PlyCount "71"]
[EventDate "2020.07.07"]
[EventType "swiss (blitz)"]

1. d4 {[%emt 0:00:01]} Nf6 {[%emt 0:00:01]} 2. c4 {[%emt 0:00:00]} g6 {[%emt 0:00:00]} 3. Nc3 {[%emt 0:00:00]} Bg7 {[%emt 0:00:00]} 4. e4 {[%emt 0:00:00]} O-O {[%emt 0:00:00]} 5. e5 {[%emt 0:00:00]} Ne8 {[%emt 0:00:01]} 6. f4 {[%emt 0:00:01]} d6 {[%emt 0:00:00]} 7. exd6 {[%emt 0:00:00]} Nxd6 {[%emt 0:00:01]} 8. Nf3 {[%emt 0:00:00]} Bg4 {[%emt 0:00:01]} 9. Be2 {[%emt 0:00:01]} Bxf3 {[%emt 0:00:01]} 10. Bxf3 {[%emt 0:00:00]} Nc6 {[%emt 0:00:01]} 11. c5 {[%emt 0:00:00]} Nc4 {[%emt 0:00:04]} 12. d5 {[%emt 0:00:02]} Nd4 {[%emt 0:00:01]} 13. Qd3 {[%emt 0:00:03]} b5 {[%emt 0:00:06]} 14. cxb6 {[%emt 0:00:02]} Nxb6 {[%emt 0:00:03]} 15. O-O {[%emt 0:00:05]} Nxf3+ {[%emt 0:00:01]} 16. Qxf3 {[%emt 0:00:01]} Bxc3 {[%emt 0:00:01]} 17. bxc3 {[%emt 0:00:01]} Qxd5 {[%emt 0:00:02]} 18. Ba3 {[%emt 0:00:03]} Qxf3 {[%emt 0:00:02]} 19. Rxf3 {[%emt 0:00:00]} Rfe8 {[%emt 0:00:01]} 20. Rd1 {[%emt 0:00:04]} Nc4 {[%emt 0:00:01]} 21. Bc5 {[%emt 0:00:03]} Rad8 {[%emt 0:00:03]} 22. Rxd8 {[%emt 0:00:03]} Rxd8 {[%emt 0:00:00]} 23. Bxe7 {[%emt 0:00:01]} Rd2 {[%emt 0:00:01]} 24. Rf2 {[%emt 0:00:01]} Rd1+ {[%emt 0:00:03]} 25. Rf1 {[%emt 0:00:00]} Rd7 {[%emt 0:00:02]} 26. Bc5 {[%emt 0:00:01]} f5 {[%emt 0:00:02]} 27. h3 {[%emt 0:00:04]} a5 {[%emt 0:00:02]} 28. Rf2 {[%emt 0:00:02]} Rd1+ {[%emt 0:00:01]} 29. Rf1 {[%emt 0:00:01]} Rd5 {[%emt 0:00:01]} 30. Bd4 {[%emt 0:00:02]} c5 {[%emt 0:00:01]} 31. Be5 {[%emt 0:00:01]} Nxe5 {[%emt 0:00:01]} 32. fxe5 {[%emt 0:00:00]} Kf7 {[%emt 0:00:01]} 33. Rb1 {[%emt 0:00:01]} Ke6 {[%emt 0:00:00]} 34. Rb5 {[%emt 0:00:01]} c4 {[%emt 0:00:00]} 35. Rb7 {[%emt 0:00:03]} Rb5 {[%emt 0:00:00]} 36. Rxb5 {[%emt 0:00:01] Lamborghini gibt auf (Lag: Av=0.80s, max=1.0s)} 1-0